El pensamiento marxista y la ciudad / (Registro nro. 54026)

Detalles MARC
000 -LEADER
campo de control de longitud fija 00874nam a2200277 4500
001 - NÚMERO DE CONTROL
campo de control 54026
003 - IDENTIFICADOR DE NÚMERO DE CONTROL
campo de control ES-MaACL
005 - FECHA Y HORA DE LA ÚLTIMA TRANSACCIÓN
campo de control 20230906162857.0
007 - CAMPO FIJO DE DESCRIPCIÓN FÍSICA--INFORMACIÓN GENERAL
campo de control de longitud fija t|
008 - DATOS DE LONGITUD FIJA--INFORMACIÓN GENERAL
campo de control de longitud fija 031121s1983 sp ||||0| spa d
016 7# - NÚMERO DE CONTROL DE UNA AGENCIA BIBLIOGRÁFICA NACIONAL
Número de control cancelado/no válido IBH8405811630
020 ## - NÚMERO INTERNACIONAL ESTÁNDAR DEL LIBRO
Número Internacional Estándar del Libro 84-86189-01-02
040 ## - FUENTE DE CATALOGACIÓN
Centro catalogador/agencia de origen IBH
Lengua de catalogación spa
Centro/agencia transcriptor M-BN-DP
080 ## - NÚMERO DE LA CLASIFICACIÓN DECIMAL UNIVERSAL
Número de la Clasificación Decimal Universal 330.85:301
080 ## - NÚMERO DE LA CLASIFICACIÓN DECIMAL UNIVERSAL
Número de la Clasificación Decimal Universal 301.185.2
100 1# - ENTRADA PRINCIPAL--NOMBRE DE PERSONA
Nombre de persona Lefebvre, Henri.
9 (RLIN) 71225
245 13 - MENCIÓN DEL TÍTULO
Título El pensamiento marxista y la ciudad /
Mención de responsabilidad, etc. Henri Lefebvre ; edición al cuidado de Carmen Gavira Golpe ; traducción de Fabio Velázquez Carrillo.
260 ## - PUBLICACIÓN, DISTRIBUCIÓN, ETC.
Lugar de publicación, distribución, etc. Madrid :
Nombre del editor, distribuidor, etc. Universidad Politécnica,
Fecha de publicación, distribución, etc. [1983]
300 ## - DESCRIPCIÓN FÍSICA
Extensión 149 p ;
Dimensiones 20 cm.
650 14 - PUNTO DE ACCESO ADICIONAL DE MATERIA--TÉRMINO DE MATERIA
Término de materia o nombre geográfico como elemento de entrada Marxismo.
9 (RLIN) 14803
650 14 - PUNTO DE ACCESO ADICIONAL DE MATERIA--TÉRMINO DE MATERIA
Término de materia o nombre geográfico como elemento de entrada Sociología urbana.
9 (RLIN) 17217
700 1# - ENTRADA AGREGADA--NOMBRE PERSONAL
Nombre de persona Gavira, Carmen.
9 (RLIN) 56087
700 1# - ENTRADA AGREGADA--NOMBRE PERSONAL
Nombre de persona Velázquez Carrillo, Jaime.
9 (RLIN) 113809
852 ## - LOCALIZACIÓN
Ubicación ES-MaACL
Número de control de estantería L-26669
Sublocalización o colección R.132240
Existencias
Estatus retirado Estado de pérdida Estado de daño No para préstamo Biblioteca de origen Biblioteca actual Ubicación en estantería Fecha de adquisición Fuente de adquisición Total de préstamos Signatura topográfica completa Código de barras Visto por última vez Precio de reemplazo Tipo de ítem Koha
        Biblioteca del Ateneo de Madrid Biblioteca del Ateneo de Madrid Depósito 2 17/01/2008     L-26669 1056780 23/02/2023 23/02/2023 Libro impreso